000 00418nam a2200169Ia 4500
003 GCL
008 140319s9999 xx 000 0 eng d
040 _aGCL /
_cGCL
082 0 4 _a843
_bG A
100 1 _aGRENIER, ROGER
245 1 0 _aALBERT CAMUS SOLEIL OMBRE /
_cGRENIER, ROGER
260 _a[S.N] :
_bFOLIO ،
_c1992
300 _a406 P
650 0 4 _aLITERATURE
650 0 4 _aFRENCH LITERATURE
942 _2ddc
_cBK
999 _c22006
_d22006